Normal view
MARC view
- الرسم-معالجة البيانات
Entry Topical Term
001 - CONTROL NUMBER
- control field: 31431
003 - CONTROL NUMBER IDENTIFIER
- control field: JO-AjAnu
005 - DATE AND TIME OF LATEST TRANSACTION
- control field: 20230606075307.0
008 - FIXED-LENGTH DATA ELEMENTS
- fixed length control field: 230606|| aca||aabn | a|a d
040 ## - CATALOGING SOURCE
- Original cataloging agency: JO-AjAnu
- Transcribing agency: JO-AjAnu
150 ## - HEADING--TOPICAL TERM
- Topical term or geographic name entry element: الرسم-معالجة البيانات
670 ## - SOURCE DATA FOUND
- Source citation: Work cat.: (JO-AjAnu)16139: سعد ، نادرة جميل علي , author 31430, الرسم على الحاسوب بإستخدام توربو باسكال و لغة ++C